Jednoúčelové automatizované zariadenia pre výrobu súčastí elektrotechnických konektorov
Gespeichert in:
| 1. Verfasser: | |
|---|---|
| Weitere Verfasser: | , |
| Format: | Buchkapitel |
| Sprache: | Slowakisch |
| Schlagworte: | |
| Tags: |
Keine Tags, Fügen Sie das erste Tag hinzu!
|
MARC
| LEADER | 00000naa a2200000 4500 | ||
|---|---|---|---|
| 001 | 0270604 | ||
| 005 | 20240502074236.5 | ||
| 041 | 0 | |a slo | |
| 044 | |a SK | ||
| 245 | 1 | 0 | |a Jednoúčelové automatizované zariadenia pre výrobu súčastí elektrotechnických konektorov |c Peter Kuderjavý, Naqibullah Daneshjo, Michal Fabian |
| 610 | 2 | 0 | |a priemysel strojársky |
| 610 | 2 | 0 | |a priemysel automobilový |
| 610 | 2 | 0 | |a motorizmus |
| 610 | 2 | 0 | |a výroba automatizovaná |
| 100 | 1 | |a Kuderjavý, Peter | |
| 700 | 1 | |a Daneshjo, Naqibullah, 1964- | |
| 700 | 1 | |a Fabian, Michal | |